000
00358nam a2200133Ia 4500
008
151001s9999||||xx |||||||||||||| ||und||
100
_a
पांडुरंगशास्त्री देशपांडे
245
_a
आपले आरोग्य
250
_a
1
260
_b
मेघना
260
_c
1982
300
_a
91
365
_b
22
999
_c
961648
_d
961645